000 01090nam a22003257a 4500
001 12224607
003 OSt
005 20210426114943.0
008 001107s2001 gw a b 001 0beng
010 _a 00110758
020 _a3791324926
040 _aDLC
_cDLC
_dDLC
042 _apcc
043 _ae-uk-en
_ae------
050 0 0 _aN6797.P4
_bP46 2001
080 _a7
_bP-41
082 0 0 _a709/.2
_aB
_221
100 1 _aPenrose, Antony.
245 1 0 _aRoland Penrose :
_bthe friendly surrealist /
_ca memoir by Antony Penrose.
260 _aMunich ;
_aNew York :
_bPrestel,
_cc2001.
300 _a192 p.:
_bill. (some col.) ;
_c25 cm.
504 _aIncludes bibliographical references (p. 186) and index.
600 1 0 _aPenrose, Roland,
_cSir.
650 0 _aArtists
_zEngland
_vBiography.
650 0 _aSurrealism
_zEurope.
653 _aხელოვნება
906 _a7
_bcbc
_corignew
_d2
_eepcn
_f20
_gy-gencatlg
942 _2udc
_cBK
999 _c1192
_d1192